000 00305nam a2200133 i 4500
001 bg
100 1 _aNOWAKOWSKI, J.
245 0 0 _aPodstawy automatyki.
_nT. 3 /
_cJ. Nowakowski.
260 _aGdaqńsk,
_c1990.
040 _cBPK
041 _apol
942 _cKS
008 s pl f |000 0 pol
999 _c4268
_d4268
856 _uhttp://koha.tu.koszalin.pl/cgi-bin/koha/opac-detail.pl?biblionumber=4268
_yKatalog online BPK